01648nam a2200361 i 4500001001000000003000900010005001700019007000300036008004100039040003000080041000800110082002500118111013900143245004600282246012000328260001600448264012800464300004500592336002700637337003400664338003100698590002600729650005600755650004500811650003600856650006600892651006700958651005901025910003701084942001401121952013601135999001501271000006732DO-SdBNP20250730121142.0ta090902s1995 dr 001 0 spa d aDO-SdBNPbspacBNPHUerda aspa 4a382.97293bS471p2222 a[Seminario ¨TLC y GATT: su impacto sobre la República Dominicana¨d(1993 Febr. 2 :cSanto Domingo, República Dominicana)]91874410aPonencias y conclusiones de un seminario.13aTratado de Libre Comercio y Acuerdo General de Aranceles y Comercio :bsu impacto sobre la República Dominicana / fPromoción aSanto Domingo, República Dominicana)bConsejo Nacional de Hombres de Empresa :bJunta Agroempresarial Dominicana,c1995?. a129 páginas :bilustraciones ;c22 cm. atextobtxt2rdacontent asin mediaciónbn2rdamedia  avolumen bnc2rdacarrier  aInventariado, 2018/VM 4aTratados comercialeszRepública Dominicana912395 4aRegulación del comercio exterior98571 4aNegociaciones comerciales99612 4aAranceles de aduanaszRepública DominicanaxTratados918745 4aRepública DominicanaxRelaciones ExterioresxTratados911787 4aRepública DominicanaxTratados Internacionales99650 aValidado. Control de calidad EMS 2ddccLBS1 00102ddc51708PDaBNPHUbBNPHUcHDd2009-09-02l0oBNPHU PD 382.97293 S471pp6732-10r2020-06-25w2020-06-25yLBS1ZNo se presta c6521d6521